[Event "SUI-ch TP1"]
[Site "Payerne"]
[Date "2022.05.26"]
[Round "2"]
[White "Deveci, Sinan"]
[Black "Pomini, Aurelien"]
[Result "0-1"]
[WhiteElo "1931"]
[BlackElo "2216"]
[PlyCount "128"]
[EventDate "2022.05.26"]
[EventType "swiss"]
[EventRounds "7"]
[EventCountry "SUI"]
[SourceTitle "CBM 208 Extra"]
[Source "ChessBase"]
[SourceDate "2022.07.31"]
[SourceVersion "1"]
[SourceVersionDate "2022.07.31"]
[SourceQuality "1"]

1. d4 d5 2. c4 dxc4 3. Nf3 Nf6 4. e3 e6 5. Bxc4 c5 6. Qe2 a6 7. 0-0 b5 8. Bd3 Nc6 9. a4 b4 10. dxc5 Bxc5 11. Nbd2 Bb7 12. Rd1 Qe7 13. Nc4 0-0 14. Nce5 Rfd8 15. Nxc6 Bxc6 16. Ne5 Bb7 17. Bd2 a5 18. e4 h6 19. Nc4 e5 20. Be3 Bd4 21. Bxd4 Rxd4 22. f3 Nd7 23. Ne3 g6 24. Bb5 Rxd1+ 25. Rxd1 Nb6 26. Nc4 Nxc4 27. Bxc4 Rd8 28. Rxd8+ Qxd8 29. Qd3 Qxd3 30. Bxd3 Kf8 31. Kf2 Ke7 32. Ke3 Bc8 33. Bc4 f5 34. Kd3 f4 35. b3 g5 36. h3 Kd6 37. Ke2 Be6 38. Bxe6 Kxe6 39. Kf2 Kd6 40. g4 fxg3+ 41. Kxg3 Kc5 42. Kg4 Kd4 43. Kf5 Kc3 44. Kxe5 Kxb3 45. Kf6 Kxa4 46. e5 b3 47. e6 b2 48. e7 b1Q 49. e8Q+ Qb5 50. Qe3 Qb3 51. Qd4+ Qb4 52. Qa1+ Kb5 53. Kg6 a4 54. Qf1+ Ka5 55. Kxh6 a3 56. Qc1 a2 57. Qa1 Qb1 58. Qe5+ Ka4 59. Qe8+ Kb3 60. Qf7+ Kc2 61. Qc4+ Kd2 62. Qd5+ Ke1 63. Qa5+ Kf1 64. Qa6+ Kg1 0-1

[Event "Wch U18"]
[Site "Porto Carras"]
[Date "2015.10.29"]
[Round "5"]
[White "Tran, Tuan Minh"]
[Black "Pomini, Aurelien"]
[Result "1-0"]
[WhiteElo "2444"]
[BlackElo "2273"]
[PlyCount "77"]
[EventDate "2015.10.25"]
[EventType "swiss"]
[EventRounds "11"]
[EventCountry "GRE"]
[SourceTitle "CBM 169 Extra"]
[Source "ChessBase"]
[SourceDate "2015.12.18"]
[SourceVersion "1"]
[SourceVersionDate "2015.12.18"]
[SourceQuality "1"]

1. d4 Nf6 2. c4 e6 3. Nf3 d5 4. Nc3 Bb4 5. cxd5 exd5 6. Bg5 h6 7. Bxf6 Qxf6 8. Qb3 Qb6 9. e3 Bxc3+ 10. bxc3 Qxb3 11. axb3 Bf5 12. c4 dxc4 13. bxc4 Nc6 14. Kd2 a5 15. Ne1 Ke7 16. Bd3 Bxd3 17. Nxd3 b6 18. Rhb1 Rhb8 19. Kc3 f6 20. f4 Kd6 21. e4 g5 22. e5+ Ke7 23. d5 Nb4 24. exf6+ Kxf6 25. fxg5+ hxg5 26. Nxb4 axb4+ 27. Kxb4 Ke5 28. Re1+ Kd6 29. Re6+ Kd7 30. Rxa8 Rxa8 31. Rg6 Rh8 32. h3 Rh5 33. Kb5 g4 34. Rxg4 c6+ 35. Kxb6 cxd5 36. Rg7+ Ke6 37. c5 d4 38. c6 d3 39. c7 1-0

[Event "Wch U16"]
[Site "Al Ain"]
[Date "2013.12.27"]
[Round "10"]
[White "Pomini, Aurelien"]
[Black "Lo, Ryan"]
[Result "1/2-1/2"]
[WhiteElo "2165"]
[BlackElo "2025"]
[PlyCount "38"]
[EventDate "2013.12.18"]
[EventType "swiss"]
[EventRounds "11"]
[EventCountry "UAE"]
[SourceTitle "CBM 158 Extra"]
[Source "ChessBase"]
[SourceDate "2014.02.28"]
[SourceVersion "1"]
[SourceVersionDate "2014.02.28"]
[SourceQuality "1"]

1. e4 c5 2. Nf3 e6 3. d4 cxd4 4. Nxd4 a6 5. Nc3 Qc7 6. Be2 Nf6 7. 0-0 d6 8. Be3 Be7 9. f4 0-0 10. Bf3 Nc6 11. Qe1 Nxd4 12. Bxd4 e5 13. fxe5 dxe5 14. Qg3 Bc5 15. Bf2 Be6 16. Nd5 Bxd5 17. exd5 Rad8 18. Rad1 Rfe8 19. Kh1 Bxf2 1/2-1/2

[Event "Wch U16"]
[Site "Al Ain"]
[Date "2013.12.21"]
[Round "4"]
[White "Pomini, Aurelien"]
[Black "Dastan, Batuhan Muhammed"]
[Result "0-1"]
[WhiteElo "2165"]
[BlackElo "2409"]
[PlyCount "93"]
[EventDate "2013.12.18"]
[EventType "swiss"]
[EventRounds "11"]
[EventCountry "UAE"]
[SourceTitle "CBM 158 Extra"]
[Source "ChessBase"]
[SourceDate "2014.02.28"]
[SourceVersion "1"]
[SourceVersionDate "2014.02.28"]
[SourceQuality "1"]

1. e4 e5 2. Nf3 Nc6 3. d4 exd4 4. Bc4 Bc5 5. c3 Nf6 6. cxd4 Bb4+ 7. Nbd2 d5 8. exd5 Nxd5 9. 0-0 0-0 10. a3 Be7 11. Qc2 Nb6 12. Bd3 h6 13. Nb3 Be6 14. Be3 Bd5 15. Nbd2 Nc8 16. Ne4 Nd6 17. Nc3 Bxf3 18. gxf3 Qd7 19. Ne2 Bf6 20. Kg2 Ne7 21. Ng3 Nd5 22. Qd2 Rfe8 23. Rg1 c5 24. dxc5 Nc4 25. Bxc4 Nxe3+ 26. Qxe3 Rxe3 27. fxe3 Qd2+ 28. Kh1 Qxe3 29. Bd5 Rd8 30. Bxb7 Qxc5 31. Ne4 Qb6 32. Nxf6+ Qxf6 33. b4 Rd2 34. Rad1 Ra2 35. Rg2 Rxa3 36. b5 g6 37. Rgd2 Kg7 38. Bc6 h5 39. Rd3 Ra2 40. R3d2 Rxd2 41. Rxd2 h4 42. Ra2 h3 43. Kg1 Qg5+ 44. Kf1 Qc1+ 45. Kf2 Qf4 46. Ke1 Kh6 47. Ra1 0-1

[Event "Arco op 34th"]
[Site "Arco"]
[Date "2012.10.20"]
[Round "8"]
[White "Pomini, Aurelien"]
[Black "Notkevich, Benjamin Arvola"]
[Result "0-1"]
[WhiteElo "2012"]
[BlackElo "2296"]
[PlyCount "120"]
[EventDate "2012.10.13"]
[EventType "swiss"]
[EventRounds "9"]
[EventCountry "ITA"]
[SourceTitle "EXT 2013"]
[Source "ChessBase"]
[SourceDate "2012.11.22"]
[SourceVersion "1"]
[SourceVersionDate "2012.11.22"]
[SourceQuality "1"]

1. e4 e5 2. Nf3 Nc6 3. Bc4 Nf6 4. d4 exd4 5. e5 Ng4 6. 0-0 Be7 7. Bf4 d6 8. exd6 Bxd6 9. Re1+ Ne7 10. Qxd4 Bxf4 11. Qxf4 0-0 12. Nc3 Ng6 13. Qg3 c6 14. Rad1 Qb6 15. h3 Qxb2 16. Ng5 Nh6 17. h4 Bg4 18. Rd4 Nf5 19. Qxg4 Qxc3 20. Rde4 Nh6 21. Qd7 b5 22. Bb3 Nxh4 23. Nxf7 Nxf7 24. Qxf7+ Kh8 25. Re8 Qxe1+ 26. Rxe1 Rxf7 27. Bxf7 Nf5 28. Be8 b4 29. Bxc6 Rd8 30. Re8+ Rxe8 31. Bxe8 g6 32. f3 Kg7 33. Kf2 Kf6 34. g4 Nd4 35. Ba4 Ke5 36. Ke3 Ne6 37. Bb3 Nf4 38. Bg8 h5 39. gxh5 gxh5 40. Bc4 h4 41. Bf1 h3 42. Bxh3 Nxh3 43. c3 bxc3 44. Kd3 Ng5 45. f4+ Kxf4 46. Kxc3 Ke5 47. Kc4 Kd6 48. Kb5 Kc7 49. Kc5 Kb7 50. Kb5 Ne6 51. Kc4 Kc6 52. Kb4 Kb6 53. Kc4 Nc5 54. Kb4 a5+ 55. Kc4 Kc6 56. Kd4 Kb5 57. Kc3 Ka4 58. Kb2 Kb4 59. Kb1 Ka3 60. Ka1 Na6 0-1

[Event "Arco op 34th"]
[Site "Arco"]
[Date "2012.10.18"]
[Round "6"]
[White "Pomini, Aurelien"]
[Black "Medancic, Rikard"]
[Result "1/2-1/2"]
[WhiteElo "2012"]
[BlackElo "2234"]
[PlyCount "104"]
[EventDate "2012.10.13"]
[EventType "swiss"]
[EventRounds "9"]
[EventCountry "ITA"]
[SourceTitle "EXT 2013"]
[Source "ChessBase"]
[SourceDate "2012.11.22"]
[SourceVersion "1"]
[SourceVersionDate "2012.11.22"]
[SourceQuality "1"]

1. e4 d5 2. exd5 Qxd5 3. Nc3 Qd6 4. d4 Nf6 5. Nf3 a6 6. g3 b5 7. Bf4 Qd8 8. Bg2 Bb7 9. 0-0 e6 10. a4 b4 11. Ne2 Nbd7 12. c3 bxc3 13. Nxc3 Bd6 14. Ne5 Bxg2 15. Kxg2 0-0 16. Nc6 Qe8 17. Bxd6 cxd6 18. d5 Nb6 19. Nb4 a5 20. Nd3 Nfxd5 21. Nb5 Qd7 22. Rc1 Rfc8 23. b3 Nc7 24. Ne5 dxe5 25. Qxd7 Nxd7 26. Nxc7 Rab8 27. Rfd1 Nb6 28. Rc6 f6 29. Rdd6 Kf7 30. Rxe6 Rxc7 31. Rxb6 Rcb7 32. Rxb7+ Rxb7 33. Ra6 Rxb3 34. h4 h5 35. Rxa5 Ke6 36. Ra7 g6 37. Ra6+ Kf5 38. Kf1 Rb2 39. Ke1 Ra2 40. Kf1 g5 41. hxg5 Kxg5 42. a5 e4 43. Kg1 f5 44. Ra8 h4 45. gxh4+ Kxh4 46. a6 Kg4 47. a7 Kf4 48. Kg2 e3 49. Re8 e2 50. Rxe2 Rxa7 51. Re3 Rh7 52. Ra3 Rg7+ 1/2-1/2

[Event "Arco op 34th"]
[Site "Arco"]
[Date "2012.10.15"]
[Round "3"]
[White "Del Nevo, Claudio"]
[Black "Pomini, Aurelien"]
[Result "1/2-1/2"]
[WhiteElo "1821"]
[BlackElo "2012"]
[PlyCount "73"]
[EventDate "2012.10.13"]
[EventType "swiss"]
[EventRounds "9"]
[EventCountry "ITA"]
[SourceTitle "EXT 2013"]
[Source "ChessBase"]
[SourceDate "2012.11.22"]
[SourceVersion "1"]
[SourceVersionDate "2012.11.22"]
[SourceQuality "1"]

1. d4 d5 2. Nf3 Nf6 3. Bg5 Nbd7 4. e3 c6 5. c3 g6 6. Bd3 Bg7 7. Qc2 0-0 8. Nbd2 b6 9. 0-0-0 c5 10. Bb5 Bb7 11. Bxd7 Nxd7 12. h4 f6 13. Bf4 e5 14. dxe5 fxe5 15. Bg5 Bf6 16. Rdf1 e4 17. Bxf6 Rxf6 18. Ng5 Ba6 19. Qb3 c4 20. Qd1 Ne5 21. f3 Qe7 22. fxe4 Nd3+ 23. Kb1 Nf2 24. Qa4 Nxh1 25. Rxf6 Qxf6 26. Qd7 Rd8 27. Qxh7+ Kf8 28. Qxa7 Qe7 29. Qxa6 dxe4 30. Ndxe4 Qd7 31. Qa3+ Kg7 32. Nd2 Kh6 33. Ngf3 Qd3+ 34. Kc1 Ng3 35. Qe7 Nf1 36. Qg5+ Kh7 37. Qe7+ 1/2-1/2

[Event "EU-ch U14"]
[Site "Albena"]
[Date "2011.09.11"]
[Round "1"]
[White "Csonka, Balazs"]
[Black "Pomini, Aurelien"]
[Result "1/2-1/2"]
[WhiteElo "2289"]
[BlackElo "1918"]
[PlyCount "151"]
[EventDate "2011.09.11"]
[EventType "swiss"]
[EventRounds "9"]
[EventCountry "BUL"]
[SourceTitle "CBM 144 Extra"]
[Source "ChessBase"]
[SourceDate "2011.10.28"]
[SourceVersion "1"]
[SourceVersionDate "2011.10.28"]
[SourceQuality "1"]

1. d4 d5 2. c4 dxc4 3. Nf3 Nf6 4. e3 e6 5. Bxc4 c5 6. 0-0 a6 7. Bb3 b5 8. a4 Bb7 9. Qe2 Nbd7 10. Qd1 Qb8 11. axb5 axb5 12. Rxa8 Bxa8 13. Nc3 b4 14. Na4 Bd6 15. dxc5 Bxc5 16. Nxc5 Nxc5 17. Qc2 Nxb3 18. Qxb3 0-0 19. Bd2 Nd5 20. h3 Rc8 21. Rc1 Rxc1+ 22. Bxc1 h6 23. Bd2 Bc6 24. Nd4 Qa8 25. e4 Nc7 26. Qc2 Qa4 27. Qxa4 Bxa4 28. b3 Bd7 29. Bxb4 e5 30. Ne2 Be6 31. Ba5 Nb5 32. b4 Bc4 33. Ng3 Nd4 34. Nf1 Ne2+ 35. Kh2 Kf8 36. Ne3 Bd3 37. f3 Ke7 38. Nf5+ Kf8 39. Bb6 Nc3 40. Bc5+ Kg8 41. Ne7+ Kh7 42. Kg1 Nb5 43. Kf2 g6 44. g4 Kg7 45. h4 h5 46. Ke3 Bc4 47. g5 f6 48. f4 exf4+ 49. Kxf4 Nc7 50. gxf6+ Kxf6 51. Nc6 Ne6+ 52. Kf3 Nxc5 53. bxc5 g5 54. hxg5+ Kxg5 55. Nd4 h4 56. e5 Bd5+ 57. Kf2 h3 58. Kg3 h2 59. Kxh2 Kf4 60. e6 Ke5 61. e7 Bf7 62. Kg3 Be8 63. c6 Kd6 64. Nf5+ Kxc6 65. Kf4 Kd5 66. Kg5 Ke5 67. Ng7 Ba4 68. Kg6 Kd6 69. Kf7 Bb3+ 70. Kf8 Ba4 71. Ne8+ Ke6 72. Nc7+ Kf6 73. Na6 Kg6 74. Nc5 Bb5 75. e8Q+ Bxe8 76. Kxe8 1/2-1/2

[Event "SUI-ch U14"]
[Site "Belp"]
[Date "2010.07.04"]
[Round "7"]
[White "Georgiadis, Nico"]
[Black "Pomini, Aurelien"]
[Result "1/2-1/2"]
[WhiteElo "2226"]
[BlackElo "1976"]
[PlyCount "59"]
[EventDate "2010.06.29"]
[EventType "swiss"]
[EventRounds "7"]
[EventCountry "SUI"]
[SourceTitle "EXT 2012"]
[Source "ChessBase"]
[SourceDate "2011.11.24"]
[SourceVersion "1"]
[SourceVersionDate "2011.11.24"]
[SourceQuality "1"]

1. e4 e5 2. Nf3 Nf6 3. Nxe5 d6 4. Nf3 Nxe4 5. d4 d5 6. Bd3 Bd6 7. 0-0 0-0 8. c4 c6 9. Qc2 f5 10. Nc3 Na6 11. a3 Nc7 12. c5 Be7 13. Ne2 Bf6 14. Bf4 Bd7 15. Be5 Be8 16. Ng3 Bg6 17. b4 Ne6 18. Rad1 Qe8 19. Rfe1 Bxe5 20. dxe5 Qe7 21. Qb2 Rad8 22. Nd2 Kh8 23. Ne2 Be8 24. f3 Nxd2 25. Qxd2 g6 26. f4 Bd7 27. Qe3 Ng7 28. Nd4 Be6 29. g3 Rc8 30. Rb1 1/2-1/2

[Event "Lenk op 22nd"]
[Site "Lenk"]
[Date "2010.04.01"]
[Round "1"]
[White "Pomini, Aurelien"]
[Black "Hajnal, Zoltan"]
[Result "0-1"]
[WhiteElo "1978"]
[BlackElo "2404"]
[PlyCount "72"]
[EventDate "2010.04.01"]
[EventType "swiss"]
[EventRounds "7"]
[EventCountry "SUI"]
[SourceTitle "CBM 135 Extra"]
[Source "ChessBase"]
[SourceDate "2010.05.04"]
[SourceVersion "1"]
[SourceVersionDate "2010.05.04"]
[SourceQuality "1"]

1. e4 e5 2. Nf3 Nc6 3. Bc4 Bc5 4. 0-0 d6 5. c3 Nf6 6. d4 exd4 7. cxd4 Bb6 8. Nc3 Bg4 9. Be3 0-0 10. h3 Bh5 11. Qd3 Bg6 12. Bg5 Re8 13. Rfe1 Ba5 14. a3 Bxc3 15. bxc3 Na5 16. Ba2 Rxe4 17. Bxf6 Rxe1+ 18. Nxe1 Qxf6 19. Qb5 b6 20. Bd5 Rb8 21. Qa6 c6 22. Ba2 Qe7 23. Nf3 Kf8 24. Re1 Qb7 25. Qxb7 Rxb7 26. Nh4 Re7 27. Nxg6+ hxg6 28. Kf1 Rxe1+ 29. Kxe1 b5 30. Ke2 d5 31. a4 bxa4 32. Kd3 Ke7 33. Kc2 Kd6 34. Kb2 c5 35. Ka3 cxd4 36. cxd4 Nc6 0-1